[Event "GER-ch Net blitz qual3"]
[Site "Playchess.com INT"]
[Date "2020.03.21"]
[Round "5"]
[White "Reif, Michael"]
[Black "Schirrer, Felix"]
[Result "0-1"]
[WhiteElo "1884"]
[BlackElo "1620"]
[PlyCount "62"]
[EventDate "2020.03.21"]
[EventType "swiss (blitz)"]
[EventRounds "9"]
[EventCountry "GER"]
[SourceTitle "CBM 195 Extra"]
[Source "ChessBase"]
[SourceDate "2020.05.31"]
[SourceVersion "1"]
[SourceVersionDate "2020.05.31"]
[SourceQuality "1"]

1. e4 c5 2. c4 Nc6 3. Nc3 g6 4. d3 Bg7 5. g3 Nf6 6. Bg2 0-0 7. h4 Nd4 8. Nge2 d6 9. Nxd4 cxd4 10. Ne2 e5 11. Bg5 b5 12. b3 h6 13. Bd2 bxc4 14. bxc4 Be6 15. f3 Nd7 16. g4 Nc5 17. Bc1 Qa5+ 18. Kf2 Rab8 19. Kg3 Kh8 20. f4 f5 21. exf5 gxf5 22. g5 e4 23. Bd2 Qa3 24. Nc1 Nxd3 25. Nb3 d5 26. Qh5 dxc4 27. Qg6 Qd6 28. gxh6 Bf6 29. Kh2 e3 30. Rhg1 Qxf4+ 31. Kh1 Qxh4+ 0-1

[Event "GER-ch Net blitz qual3"]
[Site "Playchess.com INT"]
[Date "2020.03.21"]
[Round "2"]
[White "Schirrer, Felix"]
[Black "Riesner, Daniel"]
[Result "0-1"]
[WhiteElo "1620"]
[BlackElo "1967"]
[PlyCount "34"]
[EventDate "2020.03.21"]
[EventType "swiss (blitz)"]
[EventRounds "9"]
[EventCountry "GER"]
[SourceTitle "CBM 195 Extra"]
[Source "ChessBase"]
[SourceDate "2020.05.31"]
[SourceVersion "1"]
[SourceVersionDate "2020.05.31"]
[SourceQuality "1"]

1. e4 e5 2. f4 exf4 3. Nf3 g5 4. h4 g4 5. Ne5 Nf6 6. Bc4 d5 7. exd5 Bd6 8. d4 Nh5 9. 0-0 0-0 10. Bxf4 Qxh4 11. Nc3 g3 12. Bxg3 Nxg3 13. Rf3 Nf5 14. Qf1 Qxd4+ 15. Kh1 Qxe5 16. Rh3 Ng3+ 17. Rxg3+ Qxg3 0-1